000 00314nam a2200121Ia 4500
008 220204s9999 xx 000 0 und d
082 _a658.3(031)
_bTOR
245 0 _aEncyclopedia of personnel management
260 _aGreat Britain
_bGower
_c1974
650 _aPersonnel management
700 _aDerek
942 _cBK
999 _c23166
_d23166